<?xml version="1.0" encoding="UTF-8"?>
<record
    xmlns:xsi="http://www.w3.org/2001/XMLSchema-instance"
    xsi:schemaLocation="http://www.loc.gov/MARC21/slim http://www.loc.gov/standards/marcxml/schema/MARC21slim.xsd"
    xmlns="http://www.loc.gov/MARC21/slim">

  <leader>01619nam a22003737a 4500</leader>
  <controlfield tag="005">20241114125155.0</controlfield>
  <controlfield tag="008">241114b        sa ||||| |||| 00| 0 eng d</controlfield>
  <datafield tag="020" ind1=" " ind2=" ">
    <subfield code="a">9780716628620</subfield>
    <subfield code="q">hbk</subfield>
  </datafield>
  <datafield tag="040" ind1=" " ind2=" ">
    <subfield code="a">RDA</subfield>
    <subfield code="c">3228</subfield>
  </datafield>
  <datafield tag="041" ind1=" " ind2=" ">
    <subfield code="2">E</subfield>
  </datafield>
  <datafield tag="082" ind1=" " ind2=" ">
    <subfield code="a">J641.352 1POTA</subfield>
  </datafield>
  <datafield tag="245" ind1=" " ind2=" ">
    <subfield code="a">Potato</subfield>
    <subfield code="b">Taste the World</subfield>
  </datafield>
  <datafield tag="260" ind1=" " ind2=" ">
    <subfield code="a">Chicago, illinois</subfield>
    <subfield code="b">World book</subfield>
    <subfield code="c">2020</subfield>
  </datafield>
  <datafield tag="300" ind1=" " ind2=" ">
    <subfield code="a">48 Pages</subfield>
    <subfield code="b">Colour illustrations</subfield>
    <subfield code="c">27 cm</subfield>
  </datafield>
  <datafield tag="490" ind1=" " ind2=" ">
    <subfield code="a">Taste the world!</subfield>
  </datafield>
  <datafield tag="504" ind1=" " ind2=" ">
    <subfield code="6">Did you know that there's evidence that potatoes were grown 8000 years ago? And that after a potato is harvested, it is still living? or that in ancient Peru, purple potatoes were considered the food of gods and reserved for kings? You'll learn this and more in World book's Taste the World! Potato.</subfield>
  </datafield>
  <datafield tag="521" ind1=" " ind2=" ">
    <subfield code="a">Juvenile</subfield>
  </datafield>
  <datafield tag="600" ind1=" " ind2=" ">
    <subfield code="2"> Potatoes </subfield>
  </datafield>
  <datafield tag="600" ind1=" " ind2=" ">
    <subfield code="2">Cooking (Potatoes) </subfield>
  </datafield>
  <datafield tag="700" ind1=" " ind2=" ">
    <subfield code="a">Editorial writer Mellonee Carrigan</subfield>
    <subfield code="9">190841</subfield>
  </datafield>
  <datafield tag="700" ind1=" " ind2=" ">
    <subfield code="a">Managed by Nick Kilzer</subfield>
    <subfield code="9">190842</subfield>
  </datafield>
  <datafield tag="700" ind1=" " ind2=" ">
    <subfield code="a">Indexing by David Pofelski</subfield>
    <subfield code="9">190843</subfield>
  </datafield>
  <datafield tag="700" ind1=" " ind2=" ">
    <subfield code="a">Proofreaded by Nathalie Strassheim</subfield>
    <subfield code="9">190844</subfield>
  </datafield>
  <datafield tag="700" ind1=" " ind2=" ">
    <subfield code="a">Right Permissions by Loranne K. Shields</subfield>
    <subfield code="9">190845</subfield>
  </datafield>
  <datafield tag="700" ind1=" " ind2=" ">
    <subfield code="a">Digital product development by Erika Meller</subfield>
    <subfield code="9">190846</subfield>
  </datafield>
  <datafield tag="700" ind1=" " ind2=" ">
    <subfield code="a">Digital product manager Jonathan Wills</subfield>
    <subfield code="9">190847</subfield>
  </datafield>
  <datafield tag="700" ind1=" " ind2=" ">
    <subfield code="a">Coordinator, Designer Brenda Tropinski</subfield>
    <subfield code="9">190848</subfield>
  </datafield>
  <datafield tag="700" ind1=" " ind2=" ">
    <subfield code="a">Senior visual Melanie Bender</subfield>
    <subfield code="9">190849</subfield>
  </datafield>
  <datafield tag="700" ind1=" " ind2=" ">
    <subfield code="a">Media editor Rosalia Bledsoe</subfield>
    <subfield code="9">190850</subfield>
  </datafield>
  <datafield tag="700" ind1=" " ind2=" ">
    <subfield code="a">Senior web designer Matt Carrington</subfield>
    <subfield code="9">190851</subfield>
  </datafield>
  <datafield tag="700" ind1=" " ind2=" ">
    <subfield code="a">Manufacturing manager Ann Fritzinger</subfield>
    <subfield code="9">190852</subfield>
  </datafield>
  <datafield tag="700" ind1=" " ind2=" ">
    <subfield code="a">Production specialist Curley Hunter</subfield>
    <subfield code="9">190853</subfield>
  </datafield>
  <datafield tag="942" ind1=" " ind2=" ">
    <subfield code="2">ddc</subfield>
    <subfield code="c">BOOK</subfield>
    <subfield code="w">6197</subfield>
    <subfield code="x">Nontobeko Sigudla</subfield>
    <subfield code="y">6197</subfield>
    <subfield code="z">Nontobeko Sigudla</subfield>
  </datafield>
  <datafield tag="999" ind1=" " ind2=" ">
    <subfield code="c">770495</subfield>
    <subfield code="d">770494</subfield>
  </datafield>
  <datafield tag="952" ind1=" " ind2=" ">
    <subfield code="0">0</subfield>
    <subfield code="1">0</subfield>
    <subfield code="2">ddc</subfield>
    <subfield code="4">0</subfield>
    <subfield code="7">0</subfield>
    <subfield code="8">600</subfield>
    <subfield code="a">MBOMRL</subfield>
    <subfield code="b">KABOL</subfield>
    <subfield code="c">CHILD</subfield>
    <subfield code="d">2024-11-14</subfield>
    <subfield code="g">195.00</subfield>
    <subfield code="o">J641.352 1POTA</subfield>
    <subfield code="p">33228031163593</subfield>
    <subfield code="r">2024-11-14</subfield>
    <subfield code="w">2024-11-14</subfield>
    <subfield code="y">BOOK</subfield>
  </datafield>
</record>
